Impact of the global crisis on neighbouring countries of the EU
Saved in:
| Corporate Author: | |
|---|---|
| Format: | Book |
| Language: | English |
| Published: |
Luxembourg
Office for Official Publications of the European Communities
2009
|
| Series: | European economy
|
| Subjects: | |
| Tags: |
No Tags, Be the first to tag this record!
|
MARC
| LEADER | 00000nam$a2200000$$$4500 | ||
|---|---|---|---|
| 001 | 0108242 | ||
| 005 | 20240318114418.1 | ||
| 020 | |a 978-92-79-11262-1 | ||
| 022 | |a 1725-3195 | ||
| 041 | 0 | |a eng | |
| 044 | |a LU | ||
| 245 | 1 | 0 | |a Impact of the global crisis on neighbouring countries of the EU |
| 264 | 1 | |a Luxembourg |b Office for Official Publications of the European Communities |c 2009 | |
| 300 | |a 143 s. | ||
| 490 | 1 | |a European economy | |
| 830 | 0 | |a European economy | |
| 610 | 2 | 0 | |a kríza |
| 610 | 2 | 0 | |a rozvoj hospodársky |
| 610 | 2 | 0 | |a makroekonomika |
| 610 | 2 | 0 | |a prostredie podnikateľské |
| 610 | 2 | 0 | |a inštitúcie verejnoprávne |
| 610 | 2 | 0 | |a obchod |
| 610 | 2 | 0 | |a ukazovatele ekonomické |
| 610 | 2 | 0 | |a porovnanie medzinárodné |
| 610 | 2 | 0 | |a Európska únia |
| 710 | 2 | |a European Commission | |